International origanizations: The politics and processes of global governance (Record no. 155777)

MARC details
000 -LEADER
fixed length control field 00410nam a2200145Ia 4500
008 - FIXED-LENGTH DATA ELEMENTS--GENERAL INFORMATION
fixed length control field 230917s9999||||xx |||||||||||||| ||und||
040 ## - CATALOGING SOURCE
-- 161514
Original cataloging agency VIVEKANANDA LIBRARY
041 ## - Language
-- English
082 ## - DDC NUMBER
Classification number 341.2 K147I
100 ## - MAIN ENTRY--PERSONAL NAME
Personal name Karns, Margaret P
245 #0 - TITLE STATEMENT
Title International origanizations: The politics and processes of global governance
260 ## - PUBLICATION, DISTRIBUTION, ETC. (IMPRINT)
Place of publication, distribution, etc New Delhi
Name of publisher, distributor, etc Viva Books
Date of publication, distribution, etc 2005
300 ## - PHYSICAL DESCRIPTION
Pages xii, 603 p.
942 ## - ADDED ENTRY ELEMENTS (KOHA)
Koha item type Books
Holdings
Withdrawn status Lost status Damaged status Not for loan Location (home branch) Sublocation or collection (holding branch) Date acquired Koha issues (times borrowed) Koha full call number Accession No. Koha date last seen Koha item type
        VIVEKANANDA LIBRARY VIVEKANANDA LIBRARY 22/09/2010   341.2 K147I 282812 17/09/2023 Books
        VIVEKANANDA LIBRARY VIVEKANANDA LIBRARY 22/09/2010   341.2 K147I 334911 17/09/2023 Books
© Designed and Maintained by Vivekananda Library, MDU Rohtak